| 000 | 00705nam a2200217Ia 4500 | ||
|---|---|---|---|
| 003 | GCL | ||
| 008 | 140319s9999 xx 000 0 ara d | ||
| 040 |
_aGCL / _cGCL |
||
| 082 | 0 | 4 |
_a635 _bع ت |
| 100 | 1 | _aعلى منصور حمزه | |
| 245 | 1 | 0 |
_aتكنولوجيا الحضر وتحضير الصحراء / _cعلى منصور حمزه |
| 260 |
_a[S.N] : _bدار الوفاء للطباعة والنشر والتوزيع ، _c1991 |
||
| 300 | _a355 ص | ||
| 490 | _a | ||
| 650 | 0 | 4 | _aتخضير الصحراء |
| 650 | 0 | 4 | _aمناطق الاستصلاح |
| 650 | 0 | 4 | _aالميكنة الزراعية |
| 650 | 0 | 4 | _aزراعة الخضر |
| 650 | 0 | 4 | _aطرق الزراعة |
| 942 |
_2ddc _cBK |
||
| 999 |
_c37158 _d37158 |
||